01287nam a2200265Ia 450000100060000000300090000600800410001504000130005604000130006904100130008210000200009510000290011524000400014424000350018424500430021924500430026225000110030526000120031626000110032826000490033930000430038850005350043165000240096665000310099035875IT-RoPAU130308s9999 xx 000 0 und d aIT-RoPAU cIT-RoPAU aITALIANO aCombarieu Jules gCodice Aut. SPICS: 7886 aMUSIQUE SES LOIS SON EVOLUTION (LA) gCodice Tit. Orig. Spics: T0003 aMusica, sue leggi, sua evoluzione (La) bMusica, Sue Leggi, Sua Evoluzione (La) a1a ed. aFIRENZE bAlinea c1985 [1° Ed.:1985 - Ed.Ling.Originale:1907] a"140 p. (prefazione: no ; testo: 140)" aPensiero Musicale e Psicologia Analisi di una Melodia Musica Sensazione piacere dell'Orecchio Musica e formalismo Musica e sentimento Dinamismo della Vita passionale e pensiero Musicale immagini Musicali Musica e Vita Sociale Elementi sonori dell'arte Musicale Consonanze Perfette Ottava e Quinta Consonanza Mista la Quarta Intervalli Scala Modo maggiore e minore Elementi Ritmici del Linguaggio Musicale e Vita Sociale Musica e Amore Tesi di Darwinmusica e Linguaggio Musica Descrittiva e Linguaggio Naturale Linguaggio e Ritmo aLINGUAGGIO MUSICALE eCodice materia Spics: 7004